平成時代に消滅した郡 - Statistics

General Stats
  • This quiz has been taken 27 times
  • The average score is 71 of 191
Answer Stats
都道府県 消滅日 消滅直前の町村 郡名 % Correct
宮城県 2005.4.1 迫町 南方町 米山町 東和町 豊里町 登米町 石越町 中田町 登米郡
73%
宮城県 2005.4.1 築館町栗駒町 志波姫町
一迫町
金成町 若柳町 瀬峰町 高清水町 鶯沢町 花山村
栗原郡
68%
岐阜県 2004.3.1 八幡町白鳥町 大和町 美並村 明宝村 高鷲村 和良村 郡上郡
64%
滋賀県 2005.1.1 今津町安曇川町 高島町 新旭町 マキノ町 朽木村 高島郡
64%
高知県 2006.3.1 土佐山田町野市町 香我美町 夜須町 香北町 赤岡町 吉川村 物部村 香美郡
64%
福井県 2006.3.19 三国町丸岡町 春江町 坂井町 坂井郡
64%
新潟県 2004.3.1 相川町真野町
金井町 佐和田町
畑野町 小木町 羽茂町 新穂村 赤泊村
佐渡郡
59%
兵庫県 2004.4.1 八鹿町養父町 大屋町 関宮町 養父郡
59%
大分県 2005.3.31 三重町緒方町 朝地町 犬飼町 大野町 千歳村 清川村 大野郡
59%
愛知県 2005.10.1 渥美町 渥美郡
59%
福井県 2005.11.7 和泉村 大野郡
59%
三重県 2004.10.1 磯部町浜島町 阿児町 大王町 志摩町 志摩郡
55%
佐賀県 2005.3.1 小城町牛津町 芦刈町 三日月町 小城郡
55%
新潟県 2005.3.19 能生町青海町 西頸城郡
55%
岐阜県 2005.3.28 海津町南濃町 平田町 海津郡
55%
新潟県 2005.4.1 松代町松之山町 東頸城郡
55%
兵庫県 2005.4.1 和田山町 山東町 朝来町 生野町 朝来郡
55%
島根県 2005.10.1 仁摩町温泉津町 邇摩郡
55%
広島県 2005.11.3 大野町宮島町 佐伯郡
55%
滋賀県 2006.3.20 志賀町 滋賀郡
55%
岐阜県 2003.4.1 高富町美山町
伊自良村
山県郡
50%
広島県 2004.3.1 吉田町八千代町 美土里町 高宮町 甲田町 向原町 高田郡
50%
長崎県 2004.3.1 郷ノ浦町芦辺町 勝本町 石田町 壱岐郡
50%
滋賀県 2004.10.1 野洲町中主町 野洲郡
50%
滋賀県 2004.10.1 石部町水口町 甲西町 甲賀町 土山町 甲南町 信楽町 甲賀郡
50%
富山県 2004.11.1 庄川町城端町 福野町 井波町 井口村 平村 上平村 利賀村 東礪波郡
50%
兵庫県 2004.11.1 柏原町氷上町 青垣町 春日町 山南町 市島町 氷上郡
50%
岡山県 2004.11.1 邑久町長船町 牛窓町 邑久郡
50%
岐阜県 2005.2.7 武儀町武芸川町 洞戸村 上之保村 板取村 武儀郡
50%
山口県 2005.2.13 豊浦町豊田町 菊川町 豊北町 豊浦郡
50%
石川県 2005.3.1 能都町柳田村 鳳至郡
50%
福岡県 2005.3.20 浮羽町吉井町 浮羽郡
50%
富山県 2005.4.1 八尾町婦中町 山田村 細入村 婦負郡
50%
兵庫県 2005.4.1 出石町但東町 出石郡
50%
千葉県 2005.7.1 海上町飯岡町 海上郡
50%
富山県 2005.11.1 福岡町 西礪波郡
50%
香川県 2006.1.1 高瀬町詫間町 三野町 豊中町 仁尾町 山本町 財田町 三豊郡
50%
岐阜県 2004.3.1 下呂町萩原町 金山町 小坂町 馬瀬村 益田郡
45%
三重県 2004.11.1 伊賀町阿山町 島ヶ原村 大山田村 阿山郡
45%
広島県 2005.2.1 沼隈町 沼隈郡
45%
岐阜県 2005.2.13 福岡町 付知町 坂下町蛭川村
川上村 加子母村
恵那郡
45%
石川県 2005.3.1 内浦町 珠洲郡
45%
大分県 2005.3.31 安心院町院内町 宇佐郡
45%
兵庫県 2005.4.1 日高町竹野町 城崎町 城崎郡
45%
奈良県 2005.4.1 月ヶ瀬村 添上郡
45%
静岡県 2005.7.1 細江町引佐町 三ヶ日町 引佐郡
45%
静岡県 2005.7.1 佐久間町水窪町 龍山村 磐田郡
45%
北海道 2005.10.1 浜益村 浜益郡
45%
秋田県 2005.10.1 仁賀保町象潟町 金浦町 由利郡
45%
島根県 2005.10.1 三隅町金城町 旭町 弥栄村 那賀郡
45%
茨城県 2006.3.18 友部町岩間町 西茨城郡
45%
兵庫県 2006.3.20 社町東条町 滝野町 加東郡
45%
茨城県 2006.3.27 伊奈町谷和原村 筑波郡
45%
北海道 2006.3.31 静内町 静内郡
45%
北海道 2006.3.31 三石町 三石郡
45%
長崎県 2006.3.31 西有家町 有家町 北有馬町 布津町 南有馬町 深江町 加津佐町口之津町 南高来郡
45%
和歌山県 2006.4.1 岩出町 那賀郡
45%
佐賀県 2007.10.1 川副町東与賀町 久保田町 佐賀郡
45%
滋賀県 2010.1.1 湖北町 虎姫町 東浅井郡
45%
北海道 1996.4.1 広島町石狩町 札幌郡
41%
滋賀県 2001.10.1 栗東町 栗太郡
41%
長崎県 2004.3.1 厳原町美津島町 豊玉町 下県郡
41%
長崎県 2004.3.1 上対馬町峰町 上県町 上県郡
41%
愛媛県 2004.4.1 宇和町明浜町 野村町 城川町 東宇和郡
41%
島根県 2004.11.1 美都町匹見町 美濃郡
41%
兵庫県 2005.1.11 南淡町緑町 西淡町 三原町 三原郡
41%
広島県 2005.3.31 総領町 甲奴郡
41%
新潟県 2005.4.1 山古志村 古志郡
41%
愛知県 2005.4.1 木曽川町 葉栗郡
41%
愛知県 2005.4.1 足助町稲武町 旭町 下山村 東加茂郡
41%
北海道 2005.10.1 厚田村 厚田郡
41%
大分県 2005.10.1 湯布院町庄内町 挾間町 大分郡
41%
茨城県 2005.10.11 鉾田町旭村 大洋村 鹿島郡
41%
富山県 2005.11.1 小杉町大門町 大島町 下村 射水郡
41%
三重県 2006.1.1 河芸町芸濃町 安濃町 美里村 安芸郡
41%
兵庫県 2006.2.11 五色町 津名郡
41%
福井県 2006.3.3 名田庄村 遠敷郡
41%
群馬県 2006.3.27 大間々町 山田郡
41%
千葉県 2006.3.27 光町 匝瑳郡
41%
山梨県 2006.8.1 芦川村 東八代郡
41%
神奈川県 2007.3.11 藤野町 城山町 津久井郡
41%
鹿児島県 2007.12.1 川辺町知覧町 川辺郡
41%
愛知県 2011.4.1 一色町幡豆町 吉良町 幡豆郡
41%
石川県 2011.11.11 野々市町 石川郡
41%
福岡県 2018.4.1 那珂川町 筑紫郡
41%
京都府 2004.4.1 峰山町大宮町 中郡
36%
愛媛県 2004.4.1 土居町 新宮村 宇摩郡
36%
福島県 2004.11.1 北会津村 北会津郡
36%
茨城県 2004.11.1 十王町 多賀郡
36%
鳥取県 2004.11.1 気高町青谷町 鹿野町 気高郡
36%
大分県 2005.1.1 佐賀関町 北海部郡
36%
秋田県 2005.1.11 河辺町雄和町 河辺郡
36%
熊本県 2005.1.15 不知火町三角町 宇土郡
36%
長崎県 2005.3.1 飯盛町小長井町 高来町 森山町 北高来郡
36%
大分県 2005.3.3 蒲江町 弥生町 上浦町 鶴見町 宇目町 直川村 本匠村 米水津村 南海部郡
36%
大分県 2005.3.22 天瀬町大山町 前津江村 中津江村 上津江村 日田郡
36%
千葉県 2005.3.28 沼南町 東葛飾郡
36%
広島県 2005.3.28 御調町向島町 御調郡
36%
新潟県 2005.4.1 妙高高原町妙高村 中頸城郡
36%
富山県 2005.4.1 大沢野町 大山町 上新川郡
36%
愛知県 2005.4.1 祖父江町平和町 中島郡
36%
徳島県 2005.4.1 阿波町市場町 阿波郡
36%
岡山県 2005.8.2 真備町 吉備郡
36%
秋田県 2005.10.1 十文字町雄物川町 大森町 平鹿町 増田町 山内村 大雄村 平鹿郡
36%
山形県 2005.10.1 温海町 西田川郡
36%
茨城県 2005.10.1 真壁町大和村 真壁郡
36%
石川県 2005.10.1 山中町 江沼郡
36%
長野県 2005.10.1 穂高町豊科町 三郷村 堀金村 南安曇郡
36%
愛知県 2005.10.1 鳳来町作手村 南設楽郡
36%
新潟県 2006.1.1 村松町 中蒲原郡
36%
京都府 2006.1.1 夜久野町三和町 天田郡
36%
京都府 2006.1.1 美山町 北桑田郡
36%
群馬県 2006.3.15 松井田町 碓氷郡
36%
山口県 2008.3.21 秋芳町美東町 美祢郡
36%
鹿児島県 2008.11.1 菱刈町 伊佐郡
36%
福岡県 2010.1.1 志摩町二丈町 糸島郡
36%
静岡県 2010.3.23 芝川町 富士郡
36%
宮崎県 2010.3.23 清武町 宮崎郡
36%
新潟県 2010.3.31 川口町 北魚沼郡
36%
千葉県 1991.4.1 袖ヶ浦町 君津郡
32%
広島県 2003.2.3 新市町 芦品郡
32%
香川県 2003.4.1 白鳥町引田町 大内町 大川郡
32%
広島県 2004.4.1 吉舎町三良坂町 三和町 作木村 君田村 布野村 双三郡
32%
徳島県 2004.10.1 鴨島町川島町 山川町 美郷村 麻植郡
32%
三重県 2005.1.11 関町 鈴鹿郡
32%
広島県 2005.3.22 大和町 賀茂郡
32%
福岡県 2005.3.28 大島村 宗像郡
32%
岡山県 2005.3.31 大佐町哲多町 神郷町 哲西町 阿哲郡
32%
広島県 2005.3.31 東城町西城町 比和町 口和町 高野町 比婆郡
32%
大分県 2005.4.1 荻町久住町 直入町 直入郡
32%
茨城県 2005.9.1 麻生町玉造町 北浦町 行方郡
32%
兵庫県 2005.10.24 吉川町 美嚢郡
32%
山梨県 2005.11.1 勝沼町大和村 東山梨郡
32%
岐阜県 2006.1.23 笠原町 土岐郡
32%
群馬県 2006.3.27 笠懸町 新田郡
32%
兵庫県 2006.3.27 夢前町家島町 飾磨郡
32%
群馬県 2006.10.1 榛名町 群馬郡
32%
鹿児島県 2007.12.1 頴娃町 揖宿郡
32%
静岡県 2008.11.1 由比町富士川町 庵原郡
32%
愛知県 2010.1.4 三好町 西加茂郡
32%
愛知県 2010.2.1 小坂井町 宝飯郡
32%
埼玉県 2010.3.23 大利根町騎西町 北川辺町 北埼玉郡
32%
静岡県 2010.3.23 新居町 浜名郡
32%
兵庫県 1999.4.1 篠山町丹南町
今田町 西紀町
多紀郡
27%
岡山県 2004.10.1 成羽町備中町 川上町 川上郡
27%
三重県 2005.1.1 飯高町飯南町 飯南郡
27%
岐阜県 2005.2.1 三府町 上宝村 吉城郡
27%
滋賀県 2005.10.1 近江町 坂田郡
27%
山口県 2005.10.1 小郡町秋穂町 阿知須町 吉敷郡
27%
京都府 2006.1.1 大江町 加佐郡
27%
岡山県 2007.1.22 瀬戸町 赤磐郡
27%
群馬県 2009.5.5 富士見村 勢多郡
27%
栃木県 2011.10.1 西方町 上都賀郡
27%
島根県 2011.10.1 斐川町 簸川郡
27%
京都府 2004.4.1 網野町丹後町 弥栄町 竹野郡
23%
京都府 2004.4.1 久美浜町 熊野郡
23%
島根県 2004.10.1 広瀬町伯太町 能義郡
23%
長野県 2005.1.1 大岡村 更級郡
23%
栃木県 2005.2..28 田沼町葛生町 安蘇郡
23%
岡山県 2005.3.1 芳井町 後月郡
23%
大分県 2005.3.1 耶馬渓町本耶馬渓町 山国町 三光村 下毛郡
23%
山口県 2005.3.22 三隅町油谷町 日置町 大津郡
23%
岩手県 2006.1.1 大迫町石鳥谷町 稗貫郡
23%
福井県 2006.2.1 美山町 足羽郡
23%
茨城県 2006.3.20 玉里村 新治郡
23%
兵庫県 2006.3.27 安富町 宍粟郡
23%
宮城県 2006.3.31 岩出山町鳴子町 玉造郡
23%
滋賀県 2010.1.1 高月町木之本町 余呉町 西浅井町 伊香郡
23%
岩手県 2011.9.26 藤沢町 東磐井郡
23%
熊本県 1991.2.1 飽田町天明町
北部町 河内町
飽託郡
18%
三重県 2004.11.1 青山町 名賀郡
18%
愛媛県 2004.11.1 丹原町小松町 周桑郡
18%
愛媛県 2005.1.1 中島町 温泉郡
18%
岡山県 2005.3.22 灘崎町 児島郡
18%
山口県 2005.3.22 山陽町 厚狭郡
18%
大分県 2005.10.1 大田村 西国東郡
18%
広島県 2006.3.1 神辺町 深安郡
18%
岡山県 2007.1.22 建部町 御津郡
18%
福岡県 2007.1.29 高田町 三池郡
18%
静岡県 2009.1.1 岡部町 志太郡
18%
宮崎県 2009.3.30 北郷町南郷町 南那珂郡
18%
熊本県 2010.3.23 植木町 鹿本郡
18%
島根県 2011.8.1 東出雲町 八束郡
18%
山口県 2003.4.21 鹿野町 都濃郡
14%
島根県 2004.11.1 大東町木次町 加茂町 大原郡
14%
岡山県 2005.3.31 北房町 上房郡
14%
山口県 2005.10.1 徳地町 佐波郡
14%
鹿児島県 2005.11.7 金峰町 日置郡
14%
福岡県 2007.1.29 瀬高町山川町 山門郡
14%
滋賀県 2006.1.1 能登川町 神崎郡
9%
宮城県 2006.3.31 三本木町松山町 鹿島台町 志田郡
9%
No matching quizzes found
Score Distribution
Percent of People with Each Score
Percentile by Number Answered
Your Score History
You have not taken this quiz